=LDR 00000nam 2200000 4500 =001 INLIS000000000008777 =005 20201217114845 =035 ##$$a 0010-061300000008777 =008 201217################g##########0#ind## =041 ##$$a Ind =082 ##$$a 330.9 =090 ##$$a 330.9, Raj p =100 ##$$a Radjab, Suryadi A =245 1#$$a Praktik culas bisnis gaya orde baru /$c Suryadi A. Radjab =260 ##$$a Jakarta :$b Grasindo,$c 1999 =300 ##$$a ix, 120 hlm ; $c 20 x 14 cm =650 #4$$a Ekonomi , Keadaan =020 ##$$a 979-669-572-3 =084 ##$$a 330.9 RAD p =504 ##$$a Bibliografi; hal 117-119 =990 ##$$a 171.295/pro.2002 =990 ##$$a DW00027358 =990 ##$$a DW00027359